000 005920000a22002050004500
001 6312
020 _a84-288-1311-6
041 0 _aSPA
082 0 4 _aG 253 N9349s
100 1 _aNouwen, Henri J. M. (1932-1996)
245 1 0 _aEL sanador herido / Henri J. M. Nouwen ; Emilio Ortega, Traductor
250 _a5
260 _aMadrid, España : PPC
300 _a119 Pag
336 _atexto
_btxt
_2rdacontent
337 _2rdamedia
_asin mediación
_bn
338 _2rdacarrier
_avolumen
_bnc
500 _aTítulo original : The wounded healer : ministry in contemporary society
942 _cBK
999 _c36585
_d36585